The Odyssey /

محفوظ في:
التفاصيل البيبلوغرافية
المؤلف الرئيسي: Homer.
مؤلفون آخرون: Fitzgerald, Robert (dịch.)
التنسيق: كتاب
اللغة:English
منشور في: London : David Campbell, 1992.
الموضوعات:
الوسوم: إضافة وسم
لا توجد وسوم, كن أول من يضع وسما على هذه التسجيلة!
Thư viện lưu trữ: Mạng thư viện Đại học Đà Nẵng
LEADER 00990cam a2200385 i 4500
001 000047224
003 6807
005 20030318143031.0
008 010310|1992 vm 000 eng
020 |a 1857150945 
022 |a T 
040 |a IRC  |c IRC  |d IRC 
041 0 |a eng 
082 1 4 |a 883.01  |b HO-M 
100 0 |a Homer. 
245 0 4 |a The Odyssey /  |c Homer ; Translated by Robert Fitzgerald ; Introduced by Gregory Nagy. 
260 |a London :  |b David Campbell,  |c 1992. 
300 |a 509p. ;  |c 20.5cm. 
630 0 4 |a Classical Greek literature. 
630 0 4 |a Epic Poetry. 
630 0 4 |a Classical Greek Poetry. 
630 0 4 |a Homer. 
630 0 4 |a The Odyssey. 
650 0 4 |a Epic poetry  |z Greek. 
700 1 |a Fitzgerald, Robert,  |e dịch. 
OWN |a DUT 
999 |a From the UDN01 
TYP |a Monograph 
TYP |a Printed language 
980 |a Mạng thư viện Đại học Đà Nẵng